WWF WrestleMania 2 Match Card - Statistics

General Stats
  • This quiz has been taken 47 times
  • The average score is 35 of 46
Answer Stats
Match type Wrestler % Correct
WWF vs. NFL Battle Royal André the Giant
100%
WWF vs. NFL Battle Royal Bret Hart
100%
WWF vs. NFL Battle Royal Jim Neidhart
100%
Boxing Mr. T
100%
Boxing Roddy Piper
100%
WWF vs. NFL Battle Royal William Perry
100%
Steel Cage Hulk Hogan
95%
Steel Cage King Kong Bundy
95%
Flag Nikolai Volkoff
95%
Singles Paul Orndorff
95%
Singles Randy Savage
95%
Tag team Tito Santana
95%
Singles Jake Roberts
91%
Tag team The Dynamite Kid
91%
WWF vs. NFL Battle Royal Big John Studd
86%
Tag team Brutus Beefcake
86%
Tag team Davey Boy Smith
86%
Singles George Steele
86%
Tag team Greg Valentine
86%
Singles Ricky Steamboat
86%
WWF vs. NFL Battle Royal The Iron Sheik
86%
WWF vs. NFL Battle Royal B. Brian Blair
82%
WWF vs. NFL Battle Royal Bruno Sammartino
82%
WWF vs. NFL Battle Royal Jim Brunzell
82%
Singles The Magnificent Muraco
82%
WWF vs. NFL Battle Royal Bill Fralic
77%
Singles Hercules Hernandez
77%
Tag team Hoss Funk
77%
Tag team Terry Funk
77%
WWF vs. NFL Battle Royal Hillbilly Jim
73%
Singles The Fabulous Moolah
73%
Tag team The Junkyard Dog
73%
Singles Uncle Elmer
73%
Singles Adrian Adonis
68%
Singles George Wells
68%
Flag Corporal Kirchner
64%
WWF vs. NFL Battle Royal Pedro Morales
59%
WWF vs. NFL Battle Royal Ted Arcidi
55%
Singles Velvet McIntyre
50%
WWF vs. NFL Battle Royal Harvey Martin
41%
WWF vs. NFL Battle Royal Danny Spivey
36%
WWF vs. NFL Battle Royal Ernie Holmes
36%
WWF vs. NFL Battle Royal Tony Atlas
36%
WWF vs. NFL Battle Royal Jimbo Covert
32%
WWF vs. NFL Battle Royal King Tonga
32%
WWF vs. NFL Battle Royal Russ Francis
32%
No matching quizzes found
Score Distribution
Percent of People with Each Score
Percentile by Number Answered
Your Score History
You have not taken this quiz